| Tag |
First Indicator |
Second Indicator |
Subfields |
| LEADER |
00000cam a2200000 4500 |
| 001 |
in00000055970 |
| 005 |
20151008052337.0 |
| 008 |
730111s1943 nyu 00000 eng u |
| 010 |
|
|
|a 43015543
|
| 035 |
|
|
|a (OCoLC)00535323
|
| 035 |
|
|
|9 AAH2921AM
|
| 040 |
|
|
|c KSU
|d TXA
|d UtOrBLW
|
| 049 |
|
|
|a TXAM
|c 2 [A08937274]
|
| 050 |
0 |
0 |
|a VA58
|b .T3
|
| 092 |
|
|
|a 359.32
|b T228o
|
| 100 |
1 |
|
|a Taussig, Joseph K.
|q (Joseph Knefler),
|d 1877-1947.
|
| 245 |
1 |
0 |
|a Our navy :
|b a fighting team.
|
| 264 |
|
1 |
|a New York,
|a London :
|b Whittlesey house :
|b McGraw-Hill book company, inc.,
|c [1943]
|
| 300 |
|
|
|a 239 pages :
|b plates. ;
|c 21 cm.
|
| 336 |
|
|
|a text
|b txt
|2 rdacontent
|
| 337 |
|
|
|a unmediated
|b n
|2 rdamedia
|
| 338 |
|
|
|a volume
|b nc
|2 rdacarrier
|
| 500 |
|
|
|a At head of title: Vice Admiral Joseph K. Taussig, USN (ret.) and Captain Harley F. Cope, USN.
|
| 610 |
1 |
0 |
|a United States.
|b Navy.
|
| 650 |
|
0 |
|a Warships.
|
| 700 |
1 |
|
|a Cope, Harley F.
|q (Harley Francis),
|d 1898-1963.
|
| 999 |
|
|
|a MARS
|
| 999 |
f |
f |
|s 097d6ea2-12fd-3597-88bd-f8b5bcb0e36f
|i 5a0b727e-c424-386e-8ab5-48ee0e29d80b
|t 0
|
| 952 |
f |
f |
|p ric
|a Texas A&M University
|b Rellis Campus
|c Joint Library Facility
|d Remote Storage
|t 0
|e VA58 .T3
|h Library of Congress classification
|i unmediated -- volume
|m A14808937274
|
| 998 |
f |
f |
|a VA58 .T3
|t 0
|l Remote Storage
|